000 00485nam a2200169Ia 4500
999 _c22276
_d22276
003 OSt
005 20200215132320.0
008 190216s9999||||xx |||||||||||||| ||und||
040 _coclc
082 _a297
_bHAM/I
100 _aHameed, A A
_92036
245 0 _aIslahee Prasthanam Pinnitta Pathakal /
_cA A Hameed
260 _bYuvatha Book House,
_c1990.
_aKozhikode:
300 _a104p
650 _aIslamic History
942 _cBK
_2ddc
_h297
_iHAM/I
_k297
_mHAM/I